Transportation journal
| Corporate Authors: | , |
|---|---|
| Format: | Electronic Journal |
| Language: | English |
| Published: |
Chicago, Ill. :
American Society of Traffic and Transportation,
1961-
Louisville, Ky. : American Society of Traffic and Transportation Louisville, Ky. : American Society of Traffic and Logistics Lock Haven, Pa. : American Society of Transportation and Logistics Atlanta, GA : Arlington, VA : Washington, DC : |
| Subjects: | |
| Online Access: | Full text available from Research Library: 01/01/1993 to 10/31/2010 |
MARC
| LEADER | 00000nas a2200000 a 4500 | ||
|---|---|---|---|
| 001 | ssj0007443 | ||
| 003 | WaSeSS | ||
| 005 | 20200512172242.0 | ||
| 006 | m d | ||
| 007 | cr n | ||
| 008 | 030526c19619999dcuqr p s 0 a0eng c | ||
| 010 | |a 2010235378 | ||
| 022 | |a 2157-328X |l 0041-1612 |y 0041-1612 | ||
| 035 | |a (WaSeSS)ssj0007443 | ||
| 037 | |b Pennsylvania State University Press, 820 N. University Dr., USG 1, Suite C, University Park, PA 16802 | ||
| 040 | |a SILAS |b eng |c SILAS |d OCLCQ |d EYM |d HUL |d OCLCS |d OCLCE |d OCLCQ |d DLC |d OCLCQ |d OCL |d DLC |d HUL |d CUD |d CCT |d LND |d OCLCQ |d COO |d RIV |d OCLCO |d OCLCQ |d OCLCF |d OCLCO |d OCLCQ |d TSC |d WaSeSS | ||
| 042 | |a pcc |a nsdp |a dlr | ||
| 043 | |a n-us--- | ||
| 050 | 1 | 4 | |a HE1 |
| 082 | 1 | 0 | |a 388 |2 14 |
| 130 | 0 | |a Transportation journal (Online) | |
| 210 | 0 | |a Transp. j. |b (Online) | |
| 222 | 0 | |a Transportation journal |b (Online) | |
| 245 | 1 | 0 | |a Transportation journal |h [electronic resource]. |
| 260 | |3 1961-Summer 1979 : |a Chicago, Ill. : |b American Society of Traffic and Transportation, |c 1961- | ||
| 260 | 2 | |3 Fall 1979-Summer 1983 : |a Louisville, Ky. : |b American Society of Traffic and Transportation | |
| 260 | 2 | |3 Fall 1983-Summer 1993 : |a Louisville, Ky. : |b American Society of Traffic and Logistics | |
| 260 | 2 | |3 Fall 1993-Fall 1999 : |a Lock Haven, Pa. : |b American Society of Transportation and Logistics | |
| 260 | 2 | |3 Winter 1999-Summer 2001 : |a Atlanta, GA : |b American Society of Transportation and Logistics | |
| 260 | 2 | |3 Fall 2001-Winter 2007 : |a Arlington, VA : |b American Society of Transportation and Logistics | |
| 260 | 3 | |3 Spring 2007- : |a Washington, DC : |b American Society of Transportation and Logistics | |
| 310 | |a Quarterly | ||
| 362 | 1 | |a Print began with vol. 1, no. 1 (fall 1961). | |
| 506 | |a License restrictions may limit access. | ||
| 538 | |a Master and use copy. Digital master created according to Benchmark for Faithful Digital Reproductions of Monographs and Serials, Version 1. Digital Library Federation, December 2002. |u http://purl.oclc.org/DLF/benchrepro0212 |5 MiAaHDL | ||
| 550 | |a Vols. for 1961-Summer 1983 issued by American Society of Traffic and Transportation; Fall 1983- by American Society of Transportation and Logistics. | ||
| 583 | 1 | |a digitized |c 2010 |h HathiTrust Digital Library |l committed to preserve |5 MiAaHDL |2 pda | |
| 588 | |a Description based on: Vol. 37, issue 1 (fall 1997); title from ProQuest information screen (viewed Oct. 29, 2001). | ||
| 588 | |a Latest issue consulted: Vol. 48, no. 4 (fall 2009) (JSTOR, viewed Dec. 18, 2010). | ||
| 650 | 0 | |a Transportation |v Periodicals. | |
| 650 | 0 | |a Transportation |z United States |v Periodicals. | |
| 650 | 6 | |a Transport |v Périodiques. | |
| 650 | 6 | |a Transport |z États-Unis |v Périodiques. | |
| 650 | 7 | |a Transportation. |2 fast |0 (OCoLC)fst01155007 | |
| 650 | 1 | 7 | |a Vervoer. |2 gtt |
| 650 | 1 | 7 | |a Distributie. |2 gtt |
| 650 | 7 | |a Business. |2 galestne | |
| 650 | 7 | |a Transportation industry. |2 galestne | |
| 651 | 7 | |a United States. |2 fast |0 (OCoLC)fst01204155 | |
| 653 | 0 | |a Business |a Transportation industry | |
| 655 | 0 | |a Electronic journals. | |
| 710 | 2 | |a American Society of Traffic and Transportation. | |
| 710 | 2 | |a American Society of Transportation and Logistics. | |
| 776 | 0 | 8 | |i Print version: |t Transportation journal |x 0041-1612 |w (DLC) 64039345 |w (OCoLC)1588960 |
| 856 | 4 | 0 | |z Full text available from Research Library: 01/01/1993 to 10/31/2010 |u https://search.proquest.com/publication/34452 |